| 000 | 02150cam a22003615i 4500 | ||
|---|---|---|---|
| 001 | 18587953 | ||
| 003 | EG-ScBUE | ||
| 005 | 20230104125625.0 | ||
| 008 | 150423t2011 caua f 001 0 eng d | ||
| 020 | _a9781600582370 | ||
| 040 |
_aDLC _beng _erda _cDLC _dEG-ScBUE |
||
| 082 | 0 | 4 |
_a743.696655 _bART _222 |
| 245 | 0 | 4 |
_aThe art of drawing & painting horses / _cby Patricia Getha [and four others] |
| 246 | 3 | _aArt of drawing and painting horses | |
| 246 | 3 | 4 |
_aArt of drawing & painting horses : _bcapture the majesty of horses and ponies in pencil, oil, acrylic, watercolor & pastel |
| 264 | 1 |
_aIrvine, United States : _bWalter Foster Publishing / Quayside Publishing Group, _c[2011] |
|
| 264 | 4 | _cc2011 | |
| 300 |
_a144 pages : _billustrations ; _c30 cm. |
||
| 336 |
_2rdacontent _atext _btxt |
||
| 337 |
_2rdamedia _aunmediated _bn |
||
| 338 |
_2rdacarrier _avolume _bnc |
||
| 490 | 0 | _aCollector's series | |
| 500 | _aIncludes index. | ||
| 520 | _aFor thousands of years, artists in cultures across the globe have been captivated by the grace and beauty of the horse, making it the subject of countless works of art. Now anyone can learn to capture the mysterious and powerful nature of this beloved animal by following the clear, easy-to-follow step-by-step instructions in this book. Whether an aspiring artist wants to draw or paint with oil, acrylic, pastel, or watercolor, this book contains all the information they need to get started. Materials and techniques specific to each of the five media in this 144-page book are clearly outlined and discussed before they are put to use in projects that any horse lover will enjoy. Beginning artists will learn all about the anatomy of the horse, features unique to different horse breeds, how to render lifelike horses in poses ranging from grazing to galloping, and much more. | ||
| 650 | 7 |
_aHorses in art. _2BUEsh _937953 |
|
| 650 | 7 |
_aDrawing _xTechnique. _2BUEsh _937954 |
|
| 650 | 7 |
_aPainting _xTechnique. _2BUEsh _937955 |
|
| 651 | _2BUEsh | ||
| 653 |
_bCOMAME _cMay2015 |
||
| 655 | _vReading book | ||
| 700 | 1 |
_aGetha, Patricia, _eauthor. _937956 |
|
| 942 |
_2ddc _k743.696655 ART _cBB |
||
| 999 |
_c19325 _d19297 |
||